000 00820nam a2200229 i 4500
001 7309
003 ES-MaACL
005 20250902223818.0
007 t|
008 901119s1980 sp ||||1| spa d
020 _a84-7209-103-1
080 _a330.172
100 1 _aCheung, Steven N. S.
_938403
245 1 3 _aEl Mito del coste social
_b: critica de la economia del bienestar y de sus implicaciones politicas /
_cSteven N. S. Cheung ; con un prologo de John Burton y un epilogo de Charles K. Rowley.
260 _aMadrid :
_bUnion Editorial,
_cD.L. 1980.
300 _a133 p. ;
_c21 cm.
650 7 _aEconomía del bienestar
_2embne
_9142910
700 1 _aBurton, John,
_epr.
_9195403
700 1 _aRowley, Charles K.,
_epr.
_9227878
852 _aES-MaACL
_jL-14530
_bR.118412
_z. - rust.
999 _c7309
_d7309